Рудник погибели (Запись № 11994289)

Подробности
000 -МАРКЕР
контрольное поле 02518nam0a2200349 4500
001 - ИДЕНТИФИКАТОР ЗАПИСИ
контрольное поле RU\NLR\BIBL_A\011500374
005 - ИДЕНТИФИКАТОР ВЕРСИИ
контрольное поле 20250626081155.0
035 ## - ДРУГИЕ СИСТЕМНЫЕ НОМЕРА
Идентификатор записи (NLR Aleph) 011500374
100 ## - ДАННЫЕ ОБЩЕЙ ОБРАБОТКИ
Данные общей обработки 20171020d1896 |||y0rusy50 ca
101 0# - ЯЗЫК РЕСУРСА
Язык текста, звукозаписи и т.д. русский
102 ## - СТРАНА ПУБЛИКАЦИИ ИЛИ ПРОИЗВОДСТВА
Страна публикации российская федерация
105 ## - ПОЛЕ КОДИРОВАННЫХ ДАННЫХ: ТЕКСТОВЫЕ МАТЕРИАЛЫ, МОНОГРАФИЧЕСКИЕ
Кодированные данные о монографическом текстовом документе y|||z|||000zy
200 1# - ЗАГЛАВИЕ И СВЕДЕНИЯ ОБ ОТВЕТСТВЕННОСТИ
Основное заглавие Рудник погибели
Сведения, относящиеся к заглавию (пещера "Кан-и-гут")
Первые сведения об ответственности Н. Маллицкий
210 ## - ПУБЛИКАЦИЯ, РАСПРОСТРАНЕНИЕ И ДР.
Место издания, распространения и т.д. Ташкент
Имя издателя, распространителя и т. д. Типо-литография т. д. "Ф. и Г. бр. Каменские"
Дата издания, распространения и т.д. 1896
215 ## - ФИЗИЧЕСКАЯ ХАРАКТЕРИСТИКА
Специфическое обозначение материала и объем 18 с.
Размеры 23
300 ## - ОБЩИЕ ПРИМЕЧАНИЯ
Текст примечания Авт. указан в конце текста
309 ## - ПРИМЕЧАНИЯ ОБ ОСНОВНОМ ИСТОЧНИКЕ ИНФОРМАЦИИ И ОБ ОСОБЕННОСТЯХ ПОЛИГРАФИЧЕСКОГО ОФОРМЛЕНИЯ ИЗДАНИЯ
Текст примечания Без тит. л. и обл.
311 ## - ПРИМЕЧАНИЯ, ОТНОСЯЩИЕСЯ К ПОЛЯМ СВЯЗИ (ПРИМЕЧАНИЯ О СВЯЗИ С ДРУГИМИ ПРОИЗВЕДЕНИЯМИ (ИЗДАНИЯМИ))
Текст примечания Приложение к Протоколу от 11 дек. 1896 г.
316 ## - ПРИМЕЧАНИЯ ОБ ОСОБЕННОСТЯХ ЭКЗЕМПЛЯРА
Текст примечания Вплетено в изд. конволют: Туркестанский кружок любителей археологии за второй год его деятельности (11 дек. 1896 г. - 11 дек. 1897 г.). Ташкент: Типо-литография торг. дома "Ф. и Г. бр. Каменские", 1897
Организация и экземпляр, к которому относится поле NLR
320 ## - ПРИМЕЧАНИЯ О НАЛИЧИИ В ДОКУМЕНТЕ БИБЛИОГРАФИИ / УКАЗАТЕЛЯ
Текст примечания Библиогр. в подстроч. примеч.
422 #0 - ИЗДАНИЕ, К КОТОРОМУ ОТНОСИТСЯ ПРИЛОЖЕНИЕ
Встроенное поле 2001#$aПротокол заседания Общего собрания членов Туркестанского кружка любителей археологии, состоявшегося 11 декабря 1896 года, в зале генера-губернаторского дома
-- 210##$a[Ташкент$d1896]
Заглавие Протокол заседания Общего собрания членов Туркестанского кружка любителей археологии, состоявшегося 11 декабря 1896 года, в зале генера-губернаторского дома
517 1# - ДРУГИЕ ВАРИАНТЫ ЗАГЛАВИЯ
Вариант заглавия (пещера "Кан-и-гут")
517 1# - ДРУГИЕ ВАРИАНТЫ ЗАГЛАВИЯ
Вариант заглавия Туркестанский кружок любителей археологии за второй год его деятельности (11 дек. 1896 г. - 11 дек. 1897 г.)
601 02 - НАИМЕНОВАНИЕ ОРГАНИЗАЦИИ КАК ПРЕДМЕТ
Начальный элемент ввода Туркестанский кружок любителей археологии
Формальный подзаголовок Документы и материалы
Тематический подзаголовок История
Хронологический подзаголовок 1895 - 1917
Системный номер авторитетной/нормативной записи 1040354
Идентификатор авторитетной/нормативной записи RU\NLR\AUTH\6682586
686 1# - ИНДЕКСЫ ДРУГИХ КЛАССИФИКАЦИЙ
Индекс Т4е(28)л52,11
700 #1 - ИМЯ ЛИЦА - ПЕРВИЧНАЯ ОТВЕТСТВЕННОСТЬ
Начальный элемент ввода Маллицкий
Часть имени, кроме начального элемента ввода Н.Г.
Даты 1873-1947
Расширение инициалов личного имени Николай Гурьевич
852 ## - МЕСТОНАХОЖДЕНИЕ И ШИФР ХРАНЕНИЯ
Идентификатор организации NLR
Шифр хранения (Call Number) 38.15.4.36(2-2)
942 ## - ДОПОЛНИТЕЛЬНЫЕ ЭЛЕМЕНТЫ ЗАПИСИ (АБИС)
Тип экземпляра АБИС Книга
980 ## - КОЛЛЕКЦИЯ
Название коллекции Национальная библиография

Нет доступных экземпляров.